[Event "Sopo Region-ch"]
[Site "Sopo"]
[Date "2021.07.24"]
[Round "1"]
[White "Pinilla, Diego Alexander"]
[Black "Lopez Ramirez, David Santiago"]
[Result "0-1"]
[WhiteElo "1654"]
[BlackElo "2050"]
[PlyCount "78"]
[EventDate "2021.07.24"]
[EventType "swiss"]
[EventRounds "5"]
[EventCountry "COL"]
[SourceTitle "EXT 2022"]
[Source "ChessBase"]
[SourceDate "2021.10.06"]
[SourceVersion "1"]
[SourceVersionDate "2021.10.06"]
[SourceQuality "1"]

1. e4 d5 2. exd5 Qxd5 3. Nf3 Qd6 4. d4 Nf6 5. Be2 Bg4 6. 0-0 e6 7. Be3 Nbd7 8. c4 c6 9. Nbd2 Qc7 10. a3 Bd6 11. b4 0-0 12. Rc1 Rfe8 13. c5 Bf8 14. Nc4 Rad8 15. Qc2 Nd5 16. Bg5 f6 17. Bh4 Qf4 18. Bg3 Qf5 19. h3 Qxc2 20. Rxc2 Bf5 21. Rcc1 Nb8 22. Bd6 g5 23. Bd1 Nf4 24. Bxf4 gxf4 25. a4 Na6 26. b5 Nb4 27. Bb3 Kg7 28. Rfd1 Rd7 29. Na3 Red8 30. Bc2 Nxc2 31. Nxc2 cxb5 32. Nh4 Bxc2 33. Rxc2 bxa4 34. Rc4 Rd5 35. Rxa4 Bxc5 36. Re1 Rxd4 37. Rxd4 Rxd4 38. Rxe6 Rd1+ 39. Kh2 Bxf2 0-1

[Event "COL-ch Amateur U1700"]
[Site "Paipa"]
[Date "2020.02.28"]
[Round "4"]
[White "Pinilla, Diego Alexander"]
[Black "Ortiz Chisaba, Edicson Esleider"]
[Result "1/2-1/2"]
[WhiteElo "1675"]
[BlackElo "1637"]
[PlyCount "112"]
[EventDate "2020.02.26"]
[EventType "swiss"]
[EventRounds "9"]
[EventCountry "COL"]
[SourceTitle "EXT 2021"]
[Source "ChessBase"]
[SourceDate "2020.10.23"]
[SourceVersion "1"]
[SourceVersionDate "2020.10.23"]
[SourceQuality "1"]

1. e4 c6 2. d4 d5 3. exd5 cxd5 4. c4 Nf6 5. c5 Nc6 6. Nf3 Bg4 7. Bb5 Qa5+ 8. Nc3 Ne4 9. Bd2 Nxd2 10. Qxd2 Bxf3 11. gxf3 a6 12. Bxc6+ bxc6 13. Qf4 e6 14. Qe5 Rc8 15. 0-0 Qd8 16. Na4 Qf6 17. f4 Be7 18. Nb6 Rd8 19. b4 0-0 20. Qxf6 gxf6 21. a4 e5 22. fxe5 fxe5 23. dxe5 a5 24. bxa5 Bxc5 25. Rac1 Bb4 26. Rxc6 Bxa5 27. Rd1 Bxb6 28. Rxb6 Ra8 29. Rb4 Ra5 30. f4 Rfa8 31. Ra1 Kg7 32. Kf2 f6 33. e6 f5 34. Re1 Kf8 35. Rb7 Rxa4 36. Kg3 Re4 37. Rxe4 Ra3+ 38. Kh4 dxe4 39. Rf7+ Ke8 40. Rxf5 Ra2 41. h3 Ke7 42. Re5 Rg2 43. Rxe4 Rg8 44. Re5 Rg6 45. f5 Rg8 46. Re4 Kf6 47. e7 Re8 48. Kg4 Rxe7 49. Rxe7 Kxe7 50. Kg5 Kf7 51. f6 Ke6 52. h4 Kf7 53. h5 Ke6 54. h6 Kf7 55. Kf5 Kf8 56. Ke6 Ke8 1/2-1/2

[Event "COL-chD"]
[Site "Bogota"]
[Date "2019.09.01"]
[Round "7"]
[White "Sanchez Mesa, Sebastian"]
[Black "Pinilla, Diego Alexander"]
[Result "0-1"]
[WhiteElo "1243"]
[BlackElo "1698"]
[PlyCount "50"]
[EventDate "2019.08.28"]
[EventType "swiss"]
[EventRounds "7"]
[EventCountry "COL"]
[SourceTitle "EXT 2020"]
[Source "ChessBase"]
[SourceDate "2019.10.17"]
[SourceVersion "1"]
[SourceVersionDate "2019.10.17"]
[SourceQuality "1"]

1. e4 d5 2. exd5 Nf6 3. Nf3 Qxd5 4. Nc3 Qh5 5. Be2 Bg4 6. d3 Nc6 7. h3 0-0-0 8. 0-0 e5 9. Nh2 Bxe2 10. Nxe2 g5 11. g4 Qxh3 12. Ng3 h5 13. gxh5 g4 14. Bg5 Bc5 15. Bxf6 Qxg3+ 16. Kh1 Bxf2 17. Qxg4+ Qxg4 18. Nxg4 Rxh5+ 19. Nh2 Bg3 20. Bxd8 Rxh2+ 21. Kg1 Nd4 22. Rxf7 Ne2+ 23. Kf1 Kxd8 24. Rd1 Nf4 25. Rg7 Rh1# 0-1

[Event "COL-ch U1700"]
[Site "Pereira"]
[Date "2019.03.24"]
[Round "6"]
[White "Pinilla, Diego Alexander"]
[Black "Moncada, Duvan Andres"]
[Result "1-0"]
[WhiteElo "1693"]
[BlackElo "1614"]
[PlyCount "71"]
[EventDate "2019.03.21"]
[EventType "swiss"]
[EventRounds "9"]
[EventCountry "COL"]
[SourceTitle "CBM 189 Extra"]
[Source "ChessBase"]
[SourceDate "2019.06.03"]
[SourceVersion "1"]
[SourceVersionDate "2019.06.03"]
[SourceQuality "1"]

1. e4 e5 2. Nc3 Nc6 3. Bc4 Nf6 4. d3 d6 5. f4 Be7 6. Nf3 Bg4 7. h3 Bxf3 8. Qxf3 Nd4 9. Qg3 Nxc2+ 10. Kd1 Nxa1 11. Qxg7 Kd7 12. Qxf7 Qg8 13. Be6+ Kd8 14. Qxg8+ Nxg8 15. fxe5 dxe5 16. Rf1 Nf6 17. Bh6 Ne8 18. Nd5 c6 19. Ne3 Bf6 20. Nf5 Kc7 21. g4 a5 22. Kd2 a4 23. Rxa1 Nd6 24. g5 Rhe8 25. Nxd6 Rxe6 26. gxf6 Kxd6 27. Rf1 b5 28. Bg7 Kc5 29. f7 Rg6 30. f8Q+ Rxf8 31. Bxf8+ Kd4 32. Ke2 Rg2+ 33. Rf2 Rg3 34. Bb4 Rxd3 35. Rf3 Rxf3 36. Kxf3 1-0

[Event "COL-ch U1700"]
[Site "Pereira"]
[Date "2019.03.22"]
[Round "2"]
[White "Gomez Saenz, Manuela"]
[Black "Pinilla, Diego Alexander"]
[Result "1/2-1/2"]
[WhiteElo "1539"]
[BlackElo "1693"]
[PlyCount "75"]
[EventDate "2019.03.21"]
[EventType "swiss"]
[EventRounds "9"]
[EventCountry "COL"]
[SourceTitle "CBM 189 Extra"]
[Source "ChessBase"]
[SourceDate "2019.06.03"]
[SourceVersion "1"]
[SourceVersionDate "2019.06.03"]
[SourceQuality "1"]

1. e4 e6 2. d3 d5 3. Nd2 c5 4. Ngf3 Nc6 5. g3 Nf6 6. Bg2 Be7 7. 0-0 b6 8. e5 Nd7 9. Re1 Qc7 10. Qe2 g5 11. h3 h5 12. g4 hxg4 13. hxg4 Bb7 14. Nb3 0-0-0 15. d4 c4 16. Nbd2 Nb4 17. Nf1 Rdg8 18. Ng3 Kb8 19. a3 Nc6 20. Bd2 Rh4 21. Nxh4 gxh4 22. Nh5 Nxd4 23. Qd1 Nf5 24. Qf3 d4 25. Qxb7+ Qxb7 26. Bxb7 Rxg4+ 27. Bg2 h3 28. Ng3 Nxg3 29. Bxh3 Rh4 30. Bxe6 fxe6 31. fxg3 Rg4 32. Bf4 Nf8 33. Rad1 Ng6 34. Rxd4 Bc5 35. Ree4 Nxf4 36. Kh2 Bxd4 37. Rxd4 Rxg3 38. Rxf4 1/2-1/2

[Event "COL-ch Amateur U1700"]
[Site "Bogota"]
[Date "2017.03.05"]
[Round "6"]
[White "Pinilla, Diego Alexander"]
[Black "Ospina Escobar, Juan David"]
[Result "1-0"]
[WhiteElo "1695"]
[BlackElo "1560"]
[PlyCount "83"]
[EventDate "2017.03.02"]
[EventType "swiss"]
[EventRounds "7"]
[EventCountry "COL"]
[SourceTitle "CBM 177 Extra"]
[Source "ChessBase"]
[SourceDate "2017.04.27"]
[SourceVersion "1"]
[SourceVersionDate "2017.04.27"]
[SourceQuality "1"]

1. e4 c5 2. Nc3 e6 3. g3 a6 4. Bg2 Nc6 5. d3 Qc7 6. Be3 Nf6 7. h3 Be7 8. f4 d6 9. Nf3 Rb8 10. 0-0 b5 11. Qd2 0-0 12. g4 Bb7 13. Ne2 Rfe8 14. Ng3 Nd7 15. f5 Nde5 16. Ng5 h6 17. Nf3 Nxf3+ 18. Rxf3 Ne5 19. Rf2 Bh4 20. Nh5 Bxf2+ 21. Kxf2 Kh7 22. f6 g6 23. Ng7 Rh8 24. Bxh6 Qd8 25. Qg5 Nd7 26. Nh5 Rg8 27. Kg1 d5 28. e5 d4 29. Bg7 Rxg7 30. Nxg7 Bxg2 31. Kxg2 Qc7 32. Re1 Rh8 33. Nh5 Kg8 34. Nf4 Qc6+ 35. Kg3 Nf8 36. h4 Nh7 37. Qh6 Nxf6 38. Qg5 Nh7 39. Qe7 Kg7 40. h5 gxh5 41. Nxh5+ Kg6 42. Rf1 1-0

[Event "COL-ch Amateur U1700"]
[Site "Bogota"]
[Date "2017.03.03"]
[Round "3"]
[White "Macias Chavarro, Manuela"]
[Black "Pinilla, Diego Alexander"]
[Result "0-1"]
[WhiteElo "1430"]
[BlackElo "1695"]
[PlyCount "82"]
[EventDate "2017.03.02"]
[EventType "swiss"]
[EventRounds "7"]
[EventCountry "COL"]
[SourceTitle "CBM 177 Extra"]
[Source "ChessBase"]
[SourceDate "2017.04.27"]
[SourceVersion "1"]
[SourceVersionDate "2017.04.27"]
[SourceQuality "1"]

1. e4 d5 2. e5 Bf5 3. d4 e6 4. c3 c5 5. Nf3 Nc6 6. Be3 Qb6 7. Be2 Be7 8. Qd2 f6 9. 0-0 0-0-0 10. Na3 Kb8 11. Qc1 h6 12. Nc2 g5 13. a3 Bg6 14. b4 c4 15. a4 a6 16. a5 Qc7 17. Na3 f5 18. h4 f4 19. Bd2 h5 20. Rb1 g4 21. Ng5 Bxg5 22. hxg5 f3 23. gxf3 gxf3 24. Bxf3 Bd3 25. Re1 Qf7 26. Bg2 Rf8 27. Be3 h4 28. Bh3 Qf3 29. Kh2 Bf5 30. Bxf5 h3 31. Rg1 Qxf5 32. Qc2 Nge7 33. Rg3 Qf7 34. g6 Qg7 35. Rbg1 Nf5 36. Rxh3 Rxh3+ 37. Kxh3 Rh8+ 38. Kg2 Qxg6+ 39. Kf1 Nxe3+ 40. fxe3 Rf8+ 41. Ke2 Qxg1 0-1

[Event "COL-ch Amateur U1700"]
[Site "Bogota"]
[Date "2017.03.03"]
[Round "2"]
[White "Pinilla, Diego Alexander"]
[Black "Marin Palma, Jesus Alberto"]
[Result "1/2-1/2"]
[WhiteElo "1695"]
[BlackElo "1610"]
[PlyCount "51"]
[EventDate "2017.03.02"]
[EventType "swiss"]
[EventRounds "7"]
[EventCountry "COL"]
[SourceTitle "CBM 177 Extra"]
[Source "ChessBase"]
[SourceDate "2017.04.27"]
[SourceVersion "1"]
[SourceVersionDate "2017.04.27"]
[SourceQuality "1"]

1. e4 e5 2. Nc3 Nf6 3. Bc4 c6 4. d3 d5 5. exd5 cxd5 6. Bb5+ Bd7 7. Bxd7+ Nbxd7 8. Nf3 Bb4 9. Bd2 0-0 10. 0-0 Re8 11. a3 Bd6 12. Bg5 Nb6 13. Nb5 a6 14. Nxd6 Qxd6 15. Qd2 Nfd7 16. Rfe1 f6 17. Bh4 Rac8 18. Bg3 Qc6 19. Rac1 Nc5 20. Qb4 d4 21. Nd2 a5 22. Qxa5 Ra8 23. Qb4 Ra4 24. Qb3+ Nxb3 25. cxb3 Qd7 26. bxa4 1/2-1/2

[Event "Ubate Segunda sf Dep m II"]
[Site "Ubate"]
[Date "2016.11.14"]
[Round "5.5"]
[White "Velasquez, Angie Gabriela"]
[Black "Pinilla, Diego Alexander"]
[Result "1/2-1/2"]
[WhiteElo "1724"]
[BlackElo "1692"]
[PlyCount "79"]
[EventDate "2016.11.12"]
[EventType "swiss"]
[EventRounds "5"]
[EventCountry "COL"]
[SourceTitle "EXT 2024"]
[Source "ChessBase"]
[SourceDate "2023.10.10"]
[SourceVersion "1"]
[SourceVersionDate "2023.10.10"]
[SourceQuality "1"]

1. e4 d5 2. exd5 Nf6 3. d4 Bg4 4. Nf3 Qxd5 5. Nc3 Qf5 6. Bd3 Qh5 7. Be2 Nc6 8. h3 e6 9. Rf1 Bxf3 10. Bxf3 Qf5 11. a3 0-0-0 12. Be3 Nxd4 13. Bxd4 Bc5 14. g4 Qf4 15. Qe2 Bxd4 16. Rb1 Nd5 17. Nb5 Bb6 18. Qe4 Qxe4+ 19. Bxe4 a6 20. Bxd5 Rxd5 21. Nc3 Re5+ 22. Ne2 Rd8 23. Rd1 Red5 24. Rxd5 Rxd5 25. f4 Bd4 26. Nxd4 Rxd4 27. Ke2 Kd7 28. Ke3 Rd6 29. a4 Kc6 30. b3 Kc5 31. c3 b5 32. axb5 axb5 33. Re1 b4 34. c4 Ra6 35. Kd3 Ra3 36. Re5+ Kd6 37. c5+ Kc6 38. Kc4 Ra2 39. Kxb4 Rd2 40. Kc4 1/2-1/2

[Event "COL-ch sf"]
[Site "Medellin"]
[Date "2014.??.??"]
[Round "5"]
[White "Pelaez, Hernan"]
[Black "Pinilla, Diego Alexander"]
[Result "1-0"]
[WhiteElo "1837"]
[BlackElo "1688"]
[PlyCount "91"]
[EventDate "2014.04.15"]
[EventType "swiss"]
[EventRounds "11"]
[EventCountry "COL"]
[SourceTitle "CBM 160 Extra"]
[Source "ChessBase"]
[SourceDate "2014.07.01"]
[SourceVersion "1"]
[SourceVersionDate "2014.07.01"]
[SourceQuality "1"]

1. c4 Nf6 2. g3 c5 3. Bg2 Nc6 4. Nc3 e6 5. e4 d6 6. Nge2 Be7 7. 0-0 0-0 8. d3 Qb6 9. Kh1 Bd7 10. f4 Rad8 11. Be3 Ng4 12. Bd2 Nb4 13. h3 Nf6 14. Be3 d5 15. a3 d4 16. axb4 Qxb4 17. Na2 Qxb2 18. Bg1 Bc6 19. Bf3 Qa3 20. Nac3 Qb4 21. Nb5 a6 22. Rb1 Qa5 23. Ra1 Qb4 24. Na7 Bxe4 25. dxe4 d3 26. Rb1 dxe2 27. Qxe2 Qc3 28. Rfc1 Qd3 29. Qxd3 Rxd3 30. Kg2 Rd2+ 31. Bf2 Rfd8 32. Rxb7 R2d7 33. Rxd7 Rxd7 34. Nc6 Rc7 35. Nxe7+ Rxe7 36. e5 Nd7 37. Ra1 f6 38. exf6 gxf6 39. Rxa6 e5 40. Bd5+ Kg7 41. Ra7 exf4 42. Bxc5 f3+ 43. Kxf3 Ne5+ 44. Kg2 Rxa7 45. Bxa7 h5 46. Bd4 1-0

[Event "COL-ch sf"]
[Site "Medellin"]
[Date "2014.??.??"]
[Round "9"]
[White "Pinilla, Diego Alexander"]
[Black "Otero Martinez, Alvaro Jr"]
[Result "0-1"]
[WhiteElo "1688"]
[BlackElo "2022"]
[PlyCount "44"]
[EventDate "2014.04.15"]
[EventType "swiss"]
[EventRounds "11"]
[EventCountry "COL"]
[SourceTitle "CBM 160 Extra"]
[Source "ChessBase"]
[SourceDate "2014.07.01"]
[SourceVersion "1"]
[SourceVersionDate "2014.07.01"]
[SourceQuality "1"]

1. e4 c5 2. Nc3 e6 3. g3 Nc6 4. d3 g6 5. Bg2 Bg7 6. Be3 Nge7 7. Qd2 Nd4 8. 0-0-0 Qa5 9. Bh6 0-0 10. h4 f6 11. Bxg7 Kxg7 12. h5 Rf7 13. hxg6 Nxg6 14. Qh6+ Kg8 15. Nf3 b5 16. Nh4 Ne5 17. g4 b4 18. g5 bxc3 19. gxf6 cxb2+ 20. Kb1 Nb5 21. Qg5+ Ng6 22. Nxg6 Nc3+ 0-1

[Event "COL-ch sf"]
[Site "Medellin"]
[Date "2014.??.??"]
[Round "8"]
[White "Pinilla, Diego Alexander"]
[Black "Paniagua, Fabio de Jesus"]
[Result "1-0"]
[WhiteElo "1688"]
[BlackElo "1854"]
[PlyCount "52"]
[EventDate "2014.04.15"]
[EventType "swiss"]
[EventRounds "11"]
[EventCountry "COL"]
[SourceTitle "CBM 160 Extra"]
[Source "ChessBase"]
[SourceDate "2014.07.01"]
[SourceVersion "1"]
[SourceVersionDate "2014.07.01"]
[SourceQuality "1"]

1. e4 e5 2. Nf3 Nc6 3. Bb5 a6 4. Ba4 Nf6 5. 0-0 b5 6. Bb3 Bb7 7. Qe2 Be7 8. c3 0-0 9. d4 d6 10. Nbd2 h6 11. Re1 Re8 12. Nf1 Bf8 13. Ng3 Na5 14. Bc2 g6 15. h4 Bg7 16. Nh2 Bc8 17. f4 Nc4 18. dxe5 dxe5 19. h5 Kh8 20. hxg6 fxg6 21. f5 Re7 22. Ng4 Nxg4 23. Qxg4 Qd6 24. Qh4 Bb7 25. Kf2 c5 26. Rh1 b4 1-0

[Event "Ortega op 3rd"]
[Site "Ortega"]
[Date "2013.06.10"]
[Round "8"]
[White "Pinilla, Diego Alexander"]
[Black "Gomez Guardo, Laura Melissa"]
[Result "1-0"]
[WhiteElo "1666"]
[BlackElo "1830"]
[PlyCount "58"]
[EventDate "2013.06.07"]
[EventType "swiss"]
[EventRounds "8"]
[EventCountry "COL"]
[SourceTitle "EXT 2014"]
[Source "ChessBase"]
[SourceDate "2013.11.20"]
[SourceVersion "1"]
[SourceVersionDate "2013.11.20"]
[SourceQuality "1"]

1. e4 c5 2. Nc3 d6 3. d3 Nf6 4. g3 Nc6 5. Bg2 g6 6. h3 Bg7 7. f4 0-0 8. Nf3 a6 9. 0-0 Rb8 10. Be3 b5 11. Qd2 b4 12. Ne2 Bb7 13. g4 Nd7 14. Rab1 e6 15. Ng3 d5 16. exd5 exd5 17. f5 d4 18. Bh6 f6 19. fxg6 hxg6 20. Nh4 Nce5 21. Bxb7 Rxb7 22. Qg2 Rb8 23. Qd5+ Kh7 24. Bxg7 Kxg7 25. Ng2 Qc7 26. Nf4 Qc6 27. Qxc6 Nxc6 28. Ne6+ Kg8 29. Nxf8 Rxf8 1-0

[Event "Sopo op"]
[Site "Sopo"]
[Date "2013.04.27"]
[Round "2"]
[White "Pinilla, Diego Alexander"]
[Black "Rodriguez Fernandez, Nelson Giovanny"]
[Result "0-1"]
[WhiteElo "1667"]
[BlackElo "1981"]
[PlyCount "67"]
[EventDate "2013.04.26"]
[EventType "swiss"]
[EventRounds "5"]
[EventCountry "COL"]
[SourceTitle "CBM 154 Extra"]
[Source "ChessBase"]
[SourceDate "2013.06.25"]
[SourceVersion "2"]
[SourceVersionDate "2013.06.25"]
[SourceQuality "1"]

1. e4 e6 2. d4 d5 3. Nd2 Nf6 4. e5 Nfd7 5. Bd3 c5 6. c3 Nc6 7. Ne2 Qb6 8. Nf3 Be7 9. 0-0 cxd4 10. cxd4 f6 11. exf6 Nxf6 12. a3 0-0 13. Ng3 Kh8 14. Bb1 Bd7 15. Qd3 Na5 16. a4 Qb3 17. Qd2 Qb4 18. Qd3 Nb3 19. Ne5 Qxd4 20. Ng6+ hxg6 21. Qxb3 Ng4 22. h3 Rxf2 23. hxg4 Rxf1+ 24. Kxf1 Bc5 25. Be3 Qxe3 26. Qxe3 Bxe3 27. Bxg6 Bd4 28. Ke2 Bxb2 29. Rb1 Be5 30. Bf7 g5 31. Nh5 Rf8 32. Bg6 b6 33. Rh1 Kg8 34. Bh7+ 0-1